<?xml version="1.0" encoding="UTF-8"?>
<marc:record xmlns:marc="http://www.loc.gov/MARC21/slim">
   <marc:leader>00000nam a2200000 a 4500</marc:leader>
   <marc:datafield ind1="1" ind2=" " tag="100">
      <marc:subfield code="a">Pacino, Al</marc:subfield>
   </marc:datafield>
   <marc:datafield ind1="1" ind2=" " tag="100">
      <marc:subfield code="a">Reeves, Keanu</marc:subfield>
   </marc:datafield>
   <marc:datafield ind1="1" ind2=" " tag="100">
      <marc:subfield code="a">Kopelson, Arnold</marc:subfield>
   </marc:datafield>
   <marc:datafield ind1="1" ind2=" " tag="100">
      <marc:subfield code="a">Milchan, Arnon</marc:subfield>
   </marc:datafield>
   <marc:datafield ind1="1" ind2=" " tag="100">
      <marc:subfield code="a">Hackford, Taylor</marc:subfield>
   </marc:datafield>
   <marc:datafield ind1="0" ind2="0" tag="245">
      <marc:subfield code="a">Im Auftrag des Teufels</marc:subfield>
   </marc:datafield>
   <marc:datafield ind1="0" ind2="0" tag="245">
      <marc:subfield code="b">Erfolg verführt. Ehrgeiz verblendet. Eitelkeit vernichtet. Erkenntnis kann die Hölle sein.</marc:subfield>
   </marc:datafield>
   <marc:datafield ind1="0" ind2="0" tag="245">
      <marc:subfield code="c">Keanu Reeves ; Al Pacino ; Charlize Theron ... Music by James Newton Howard. Director of photography: Andrzej Bartkowiak. Based on the novel by Andrew Neiderman. Screenplay by Jonathan Lemkin and Tony Gilroy. Produced by Arnon Milchan, Arno</marc:subfield>
   </marc:datafield>
   <marc:datafield ind1=" " ind2="1" tag="264">
      <marc:subfield code="a">[Hamburg]</marc:subfield>
      <marc:subfield code="b">Warner Home Video</marc:subfield>
      <marc:subfield code="c">1999</marc:subfield>
   </marc:datafield>
   <marc:datafield ind1="1" ind2=" " tag="520">
      <marc:subfield code="a">Der junge Staatsanwalt Kevin Lomax bekommt die Chance seines Lebens: Die größte und mächtigste Kanzlei des Landes holt ihn nach New York. Und damit nicht genug: Sein neuer Boß, der geheimnisvolle John Milton, nimmt ihn persönlich unter seine Fittiche. Unaufhaltsam verfällt Kevin dem Rausch von Macht, Ruhm, Sex und dem ganz großen Geld. Doch nach einer Serie unheimlicher Vorfälle wird Kevin klar, daß ihn der Leibhaftige persönlich unter Vertrag genommen hat...</marc:subfield>
   </marc:datafield>
   <marc:datafield ind1=" " ind2=" " tag="020">
      <marc:subfield code="a">7321921161728</marc:subfield>
      <marc:subfield code="9">7321921161728</marc:subfield>
   </marc:datafield>
   <marc:datafield ind1=" " ind2=" " tag="041">
      <marc:subfield code="a">ger</marc:subfield>
   </marc:datafield>
   <marc:datafield ind1=" " ind2=" " tag="500">
      <marc:subfield code="a">Orig.: USA, 1997. - Untertitel: dt., engl., span., franz., ital., türk., holländ., schwed., norweg., dän., finn., port., hebr., poln., griech., tschech., ungar., isländ., kroat. / dt. + engl. für Hörgeschädigte</marc:subfield>
   </marc:datafield>
   <marc:datafield ind1="0" ind2=" " tag="490">
      <marc:subfield code="v">0</marc:subfield>
   </marc:datafield>
   <marc:datafield ind1=" " ind2=" " tag="300">
      <marc:subfield code="a">1 DVD-Video (ca. 138 Min.) : farb., Bildformat: 2,35:1 (16:9), Tonformat: DD/5.1 (engl., dt., span.), Ländercode 2</marc:subfield>
   </marc:datafield>
</marc:record>
